[Event "DVM U16w 2023"]
[Site "Magdeburg GER"]
[Date "2023.12.30"]
[Round "7"]
[White "Friedrich, Viktoria"]
[Black "Yan, Jenny"]
[Result "0-1"]
[Termination "normal"]
[Board "10.4"]
[WhiteElo "748"]
[BlackElo "1155"]
[WhiteClock "00:42:31"]
[BlackClock "01:15:32"]
[WhiteTeam "SV Stuttgart-Wolfbusch 1956"]
[BlackTeam "Hamburger SK 1830 2"]
[PlyCount "48"]
[WhiteFideId "34654569"]
[BlackFideId "34630376"]
[EventCountry "GER"]
[EventRounds "7"]
[EventType "team-swiss"]
[EventDate "2023.12.26"]

1. e4 {[%clk 01:30:46]} {[%emt 00:00:02]} e5 {[%clk 01:30:58]} {[%emt
00:00:14]} 2. Nf3 {[%clk 01:31:10]} {[%emt 00:00:05]} Nc6 {[%clk 01:31:17]}
{[%emt 00:00:12]} 3. Nc3 {[%clk 01:31:33]} {[%emt 00:00:08]} Nf6 {[%clk
01:31:29]} {[%emt 00:00:18]} 4. Bb5 {[%clk 01:31:27]} {[%emt 00:00:35]} Bb4
{[%clk 01:30:42]} {[%emt 00:01:18]} 5. d3 {[%clk 01:31:07]} {[%emt 00:00:50]}
d6 {[%clk 01:29:56]} {[%emt 00:01:16]} 6. Bg5 {[%clk 01:31:18]} {[%emt
00:00:19]} h6 {[%emt 00:02:08]} 7. Bxf6 {[%clk 01:31:22]} {[%emt 00:00:24]}
Qxf6 {[%clk 01:27:57]} {[%emt 00:00:52]} 8. a3 {[%clk 01:31:05]} {[%emt
00:00:48]} Bxc3+ {[%clk 01:26:46]} {[%emt 00:01:40]} 9. Nd2 {[%clk 01:30:22]}
{[%emt 00:01:12]} Bxb2 {[%clk 01:26:16]} {[%emt 00:01:00]} 10. Rb1 {[%clk
01:29:35]} {[%emt 00:01:16]} Bxa3 {[%clk 01:25:55]} {[%emt 00:00:51]} 11. O-O
{[%clk 01:28:19]} {[%emt 00:01:48]} Bd7 {[%clk 01:23:46]} {[%emt 00:02:38]} 12.
Nc4 {[%clk 01:24:40]} {[%emt 00:04:09]} Bc5 {[%clk 01:23:13]} {[%emt 00:01:03]}
13. Qh5 {[%clk 01:18:39]} {[%emt 00:06:23]} Qg6 {[%clk 01:20:22]} {[%emt
00:03:29]} 14. Qf3 {[%clk 01:16:18]} {[%emt 00:02:42]} O-O {[%clk 01:18:51]}
{[%emt 00:02:12]} 15. Nd2 {[%clk 01:09:53]} {[%emt 00:06:54]} Nd4 {[%clk
01:18:48]} {[%emt 00:00:34]} 16. Qd1 {[%clk 01:05:10]} {[%emt 00:05:07]} Nxb5
{[%clk 01:18:25]} {[%emt 00:00:57]} 17. c4 {[%clk 01:04:21]} {[%emt 00:01:20]}
Nc3 {[%clk 01:17:54]} {[%emt 00:01:01]} 18. Qb3 {[%emt 00:04:43]} Bh3 {[%clk
01:16:34]} {[%emt 00:00:53]} 19. g3 {[%clk 00:59:40]} {[%emt 00:01:54]} Nxb1
{[%clk 01:16:13]} {[%emt 00:00:51]} 20. d4 {[%clk 00:57:18]} {[%emt 00:02:53]}
Nxd2 {[%clk 01:15:58]} {[%emt 00:00:45]} 21. Qc3 {[%clk 00:56:51]} {[%emt
00:00:55]} Nxf1 {[%clk 01:15:58]} {[%emt 00:00:24]} 22. dxc5 {[%clk 00:55:14]}
{[%emt 00:01:54]} Qxe4 {[%clk 01:14:58]} {[%emt 00:01:51]} 23. f3 {[%clk
00:54:55]} {[%emt 00:00:49]} Qe2 {[%clk 01:15:12]} {[%emt 00:00:16]} 24. Qb3
{[%clk 00:42:31]} {[%emt 00:12:53]} Qg2# {[%clk 01:15:32]} {[%emt 00:00:11]}
0-1